Statistics for Top 15 Longest Rivers in the UK

Click here to take the quiz!

General Stats

  • This quiz has been taken 6,577 times
  • The average score is 6 of 15

Answer Stats

Length Largest city or town River % Correct
346 kmLondonRiver Thames
99%
354 kmBristolRiver Severn
70%
154 kmRugbyRiver Avon
59%
297 kmNottinghamRiver Trent
56%
176 kmGlasgowRiver Clyde
44%
140 kmAberdeenRiver Dee
41%
215 kmHerefordRiver Wye
40%
230 kmMilton KeynesRiver Great Ouse
37%
208 kmYorkRiver Ure /
River Ouse
37%
188 kmDundeeRiver Tay
30%
155 kmGalashielsRiver Tweed
21%
172 kmAviemoreRiver Spey
16%
161 kmNorthamptonRiver Nene
14%
145 kmCarlisleRiver Eden
12%
159 kmColeraineRiver Bann /
Lough Neagh
9%

Score Distribution

Percentile by Number Answered

Percent of People with Each Score

Your Score History

You have not taken this quiz